000 00743nam a2200241 a 4500
001 78573
003 BD-RjUL
005 20211209083138.0
008 211010s1952 ii 001 0 eng
035 _a(BD-RjUL)78799
040 _aDLC
_cDLC
_dEQO
_dBD-RjUL
_beng
041 _aeng
082 0 _223
_a346.54064
_bMUH 1952
100 1 _aMukherjea, B. K.
_q(Bijan Kumar),
_d1891-1956.
_9249034
245 1 0 _aThe Hindu law of religious and charitable trusts /
_cB.K. Mukherjee.
250 _a1st. ed.
260 _aCalcutta :
_bEastern Law House,
_c1952
300 _a587 p.;
_c25 cm.
650 0 _aCharitable uses, trusts, and foundations (Hindu law)
_9249035
650 0 _aReligious trusts
_zIndia.
_9249036
942 _2ddc
_cBK
999 _c78573
_d78573